000 00514nam a2200181 i 4500
001 bg
100 1 _aCharemza, Wojciech W.
245 0 _aEkonometryczna analiza nierównowagi gospodarczej Polski /
_cW. Charemza, M. Gronicki.
260 _aWarszawa,
_c1985.
490 1 _aBiblioteka Ekonometryczna
700 1 _aGronicki, Mirosław.
830 _aBiblioteka Ekonometryczna
040 _cBPK
041 _apol
080 _a338.12(438)"19":330.115
942 _cKS
008 s pl f |000 0 pol
999 _c1212
_d1212
856 _uhttp://koha.tu.koszalin.pl/cgi-bin/koha/opac-detail.pl?biblionumber=1212
_yKatalog online BPK